000 00840nam a2200289Ia 4500
003 OSt
005 20221005081108.0
006 a|||||r|||| 00| 0
007 ta
008 221004b |||||||| |||| 00| 0 eng d
020 _a9789351867364 (hbk)
_cIndian Rupees 700
024 _a28435
037 _bGift, 10/02/2017,
_cTextual
040 _aCRL
_cCRL
_beng
041 _2eng
_aeng
082 _aQ2, Q6
100 _aNanda Ved P. Ed.
_9244999
245 0 _aCompassion in the 4 dharmic traditions
_b Hinduism, Buddhism, Jainism, and Sikhism
260 _aNew Delhi
_bPrabhat Prakashan India
_c2016
300 _a312p.
_ccm.
650 _a BUDDHISM
650 _a JAINISM
650 _a SIKHISM
650 _aHINDUISM
942 _hQ2, Q6
_cTEXL
_2cc
999 _c987153
_d987153